|
|
|
|
| LEADER |
01123nam a2200325 4500 |
| 001 |
DLU090091879 |
| 005 |
##20091201 |
| 040 |
# |
# |
|a DLU
|b eng
|
| 041 |
# |
# |
|a eng
|
| 044 |
# |
# |
|a us
|
| 100 |
# |
# |
|a Johnson, Jennifer L.
|
| 245 |
# |
# |
|a Comparison of the BAX for screening/E. coli O157 :H7 method with conventional methods for detection of extremely low levels of escherichia coli O157 :H7 in ground beef /
|c Jennifer L. Johnson, Cheryl L. Brooke, Scott J. Fritschel.
|
| 653 |
# |
# |
|a Bacteria
|
| 653 |
# |
# |
|a Biological contamination
|
| 653 |
# |
# |
|a Escherichia coli
|
| 653 |
# |
# |
|a Microbiological testing
|
| 653 |
# |
# |
|a Minced meat
|
| 653 |
# |
# |
|a Polymerase chain reaction
|
| 700 |
# |
# |
|a Brooke, Cheryl L.
|
| 700 |
# |
# |
|a Fritschel, Scott J.
|
| 773 |
# |
# |
|t Applied and Environmental Microbiology
|g Vol. 64, no. 11 (November 1998), p. 4390-4395
|
| 920 |
# |
# |
|a Phòng Tạp chí -- Trung tâm Thông tin - Thư viện Trường Đại học Đà Lạt
|
| 994 |
# |
# |
|a DLU
|
| 900 |
# |
# |
|a True
|
| 911 |
# |
# |
|a Trương Bảo Trâm Anh
|
| 925 |
# |
# |
|a G
|
| 926 |
# |
# |
|a A
|
| 927 |
# |
# |
|a BB
|
| 980 |
# |
# |
|a Thư viện Trường Đại học Đà Lạt
|